000
00219 a2200097 4500
001
50986
100
_a
Gasperini Richard
245
_a
Digital Experiments
260
_a
USA
_b
Movonics Company
_c
090
_c
32286
_d
32286
942
_a
NUST-CAE
_c
M
_c
24765
999
_c
286059
_d
286059